| 000 | 00412nam a2200169Ia 4500 | ||
|---|---|---|---|
| 001 | 672 | ||
| 003 | IN-NITTTR | ||
| 005 | 20251114232900.0 | ||
| 008 | 251113s9999||||xx |||||||||||||| ||eng|| | ||
| 040 | _beng | ||
| 040 | _cIN-NITTTR | ||
| 041 | _aeng | ||
| 082 | _a547 A92O | ||
| 100 | _aAmundsen, Lawrence H. | ||
| 245 | 0 |
_aOrganic chemistry : _b a one-semester course. / _cAmundsen, Lawrence H. |
|
| 942 |
_2ddc _cBK |
||
| 999 |
_c334 _d334 |
||